000 01236nam a22002777a 4500
003 OSt
005 20230124084154.0
007 cr ||||||a|c|a
008 230119s2021 mx a|||fom||| 001 0 spa d
040 _erda
100 1 _998706
_aRodríguez Méndez, Georgina
245 1 _aEspacios de ausencia y sus redes :
_bmigraciones de retorno en Buenavista, Tlapacoyan, Ver. /
_cpor Georgina Rodríguez Méndez; director de tesis Laura Elena Trujillo Ortega.
264 1 _aChapingo, México :
_bEl autor,
_c2021.
300 _a1 recurso en línea (150 páginas).
_bcuadros.
336 _2rdacontent
_atexto
_btxt
337 _2rdamedia
_acomputadora
_bc
338 _2rdacarrier
_arecurso en línea
_bcr
502 _bMCDRR
_cCentros Regionales
_d2021.
_gMAE
504 _aIncluye referencias bibliográficas: páginas 97-109,118-130.
650 4 _9186108
_aMigración de retorno
_zVeracruz
650 4 _9186109
_aJefes de hogar
_xEmigración
_zVeracruz
650 4 _9185551
_aRemesas
_bImpacto económico
_zVeracruz
700 1 _aTrujillo Ortega, Laura Elena
_eDirector de tesis.
_9186114
856 _uhttp://10.13.5.2/tesis/tm/2021_CR_Rodriguez_Mendez_Georgina.pdf
_zDESCARGAR PDF
942 _2Clasificación Universidad Autónoma Chapingo
_cTD
999 _c218113
_d218113